Report of the Commission of Inquiry (Record no. 489222)

000 -LEADER
fixed length control field 00421cam a22001337a 4500
008 - FIXED-LENGTH DATA ELEMENTS--GENERAL INFORMATION
fixed length control field 180718b-- xxu||||| |||| 00| 0 eng d
082 ## - DEWEY DECIMAL CLASSIFICATION NUMBER
Classification number F5x5453 K454
100 ## - MAIN ENTRY--PERSONAL NAME
Personal name Kerala. Commission of Inquiry
245 ## - TITLE STATEMENT
Title Report of the Commission of Inquiry
260 ## - PUBLICATION, DISTRIBUTION, ETC.
Place of publication, distribution, etc. Trivandrum
Name of publisher, distributor, etc. The author
Date of publication, distribution, etc. --
300 ## - PHYSICAL DESCRIPTION
Extent 4 Parts
500 ## - GENERAL NOTE
General note Library has Pt. 1. 21+p;Pt. 2. 78+p;Pt. 3. 136+p;Pt. 4. 79+p
700 ## - ADDED ENTRY--PERSONAL NAME
Personal name Velu Pillai, S. (Chairman)
Holdings
Withdrawn status Lost status Damaged status Not for loan Permanent Location Current Location Date acquired Full call number Barcode Date last seen Price effective from Koha item type
        Indian Institute of Public Administration Indian Institute of Public Administration 2018-08-04 F5x5453 K454 GG13496 2018-08-04 2018-08-04 GG
        Indian Institute of Public Administration Indian Institute of Public Administration 2018-08-04 F5x5453 K454 GG13495 2018-08-04 2018-08-04 GG

Powered by Koha